000 00547nam a2200217Ia 4500
003 OSt
005 20220928140719.0
006 a|||||r|||| 00| 0
007 ta
008 220927b |||||||| |||| 00| 0 eng d
024 _a11311
037 _cTextual
040 _aSDCL
_cSDCL
_beng
041 _2eng
_aeng
082 _aB2892, L5
100 _aMartos Bela Au.
_9497224
245 0 _aNonlinear programming theory and methods.
260 _c1975
942 _hB2892, L5
_cTEXL
_2CC
999 _c813742
_d813742